[Event "2 IECC, Ohrid"]
[Site "Ohrid MKD"]
[Date "2001.06.05"]
[Round "5.52"]
[White "Kuczynski, Robert"]
[Black "Galkin, Alexander"]
[Result "1/2-1/2"]
[WhiteElo "2509"]
[BlackElo "2584"]
[EventDate "2001.06.01"]
[PlyCount "29"]

1.e4 c5 2.Nf3 e6 3.d4 cxd4 4.Nxd4 Nf6 5.Nc3 d6 6.Be2 a6 7.O-O Be7 8.f4 O-O
9.a4 Qc7 10.Be3 b6 11.Bf3 Bb7 12.f5 e5 13.Nb3 Nbd7 14.Qd2 Rfd8 15.Qf2 
1/2-1/2

[Event "2 IECC, Ohrid"]
[Site "Ohrid MKD"]
[Date "2001.06.05"]
[Round "5.54"]
[White "Ionov, Sergei"]
[Black "Nijboer, Friso"]
[Result "1/2-1/2"]
[WhiteElo "2505"]
[BlackElo "2580"]
[EventDate "2001.06.01"]
[PlyCount "112"]

1.d4 Nf6 2.c4 g6 3.g3 Bg7 4.Bg2 O-O 5.Nc3 d6 6.Nf3 Nc6 7.O-O Rb8 8.Bd2 e5 
9.d5 Ne7 10.e4 a6 11.a4 h6 12.Ne1 a5 13.Nd3 c6 14.Rb1 Nd7 15.b4 axb4 16.
Rxb4 b6 17.Rb1 Ba6 18.Nb4 Bxc4 19.Nxc6 Nxc6 20.dxc6 Nc5 21.Nd5 Rc8 22.c7 
Rxc7 23.Nxc7 Bxf1 24.Bxf1 Qxc7 25.Rb4 Ne6 26.Qc1 Qxc1 27.Bxc1 Ra8 28.Be3 
Nc5 29.Bc4 Bf8 30.Bxc5 dxc5 31.Rxb6 Rxa4 32.Bd5 Ra7 33.Rxg6+ Kh7 34.Rc6 
Kg7 35.Kg2 Be7 36.h4 h5 37.Rc8 Rd7 38.Kf1 Ra7 39.Ke2 Rd7 40.Ra8 Rc7 41.Kd3
Rd7 42.Kc4 Rc7 43.Ra3 Bf8 44.Ra8 Be7 45.Re8 Bd6 46.Rd8 Bf8 47.Rb8 Ra7 48.
Kb5 Ra1 49.Re8 Rb1+ 50.Kc6 Rf1 51.Rxe5 Rxf2 52.Rxh5 f6 53.e5 Kg6 54.Rh8 
fxe5 55.Rg8+ Bg7 56.Kxc5 Rf8 1/2-1/2

[Event "2 IECC, Ohrid"]
[Site "Ohrid MKD"]
[Date "2001.06.05"]
[Round "5.55"]
[White "Epishin, Vladimir"]
[Black "Miton, Kamil"]
[Result "1/2-1/2"]
[WhiteElo "2579"]
[BlackElo "2497"]
[EventDate "2001.06.01"]
[PlyCount "102"]

1.d4 Nf6 2.c4 g6 3.Nc3 Bg7 4.e4 O-O 5.Nf3 c6 6.Bd3 d6 7.h3 Na6 8.O-O e5 9.
Re1 exd4 10.Nxd4 Re8 11.Bc2 Nc5 12.Bf4 Nh5 13.Be3 Ne6 14.Qd2 Nxd4 15.Bxd4 
Bxd4 16.Qxd4 Qg5 17.Qe3 Nf4 18.g3 Nxh3+ 19.Kg2 Qxe3 20.Rxe3 Ng5 21.f4 Ne6 
22.Rd3 Nc5 23.Rxd6 Be6 24.Rd4 Rad8 25.Rad1 Rxd4 26.Rxd4 a5 27.a3 Kf8 28.
Kf3 f5 29.exf5 Bxf5 30.Bxf5 gxf5 31.Nd1 Ne6 32.Rd7 Re7 33.Rd6 Kf7 34.Ne3 
Ng7 35.c5 Re6 36.Rd8 Re7 37.Ra8 Rd7 38.Rxa5 Rd3 39.b4 Kf6 40.Ra7 Ne6 41.
Ke2 Rb3 42.Rxb7 Nd4+ 43.Kd2 Nf3+ 44.Ke2 Nd4+ 45.Kf2 Rb2+ 46.Kf1 Rb1+ 47.
Kg2 Rb2+ 48.Kh3 Ne2 49.Kh4 Rb1 50.Kh3 Rb2 51.Kh4 Rb1 1/2-1/2

[Event "2 IECC, Ohrid"]
[Site "Ohrid MKD"]
[Date "2001.06.05"]
[Round "5.57"]
[White "Podgaets, Mikhail"]
[Black "Mitkov, Nikola"]
[Result "1/2-1/2"]
[WhiteElo "2477"]
[BlackElo "2578"]
[EventDate "2001.06.01"]
[PlyCount "33"]

1.d4 Nf6 2.Nf3 d5 3.c4 e6 4.Nc3 Bb4 5.Bg5 h6 6.Bxf6 Qxf6 7.e3 O-O 8.Rc1 c6
9.a3 Ba5 10.Bd3 Nd7 11.O-O Qe7 12.Qc2 e5 13.cxd5 Bxc3 14.d6 Qxd6 15.Qxc3 
Re8 16.Bb1 exd4 17.Qxd4 1/2-1/2

[Event "2 IECC, Ohrid"]
[Site "Ohrid MKD"]
[Date "2001.06.05"]
[Round "5.58"]
[White "Petrov, Marijan"]
[Black "Minasian, Artashes"]
[Result "0-1"]
[WhiteElo "2425"]
[BlackElo "2554"]
[EventDate "2001.06.01"]
[PlyCount "80"]

1.e4 e6 2.d4 d5 3.e5 c5 4.c3 Nc6 5.Nf3 Qb6 6.a3 Nh6 7.b4 cxd4 8.cxd4 Nf5 
9.Be3 Bd7 10.Bd3 Rc8 11.O-O Nxe3 12.fxe3 Be7 13.Nbd2 O-O 14.Nb3 Nb8 15.Nc5
Bb5 16.h4 Bxd3 17.Qxd3 Qc7 18.Rac1 b6 19.Na6 Qxc1 20.Rxc1 Rxc1+ 21.Kh2 h6 
22.Nxb8 Rxb8 23.Qa6 Rc7 24.Qb5 Rd8 25.Qa6 g6 26.Kg3 Kg7 27.Kg4 Rb8 28.Qb5 
Rbc8 29.h5 Rc2 30.Ne1 gxh5+ 31.Kxh5 Rf2 32.Kg4 Rc3 33.Nd3 Rf5 34.a4 h5+ 
35.Kh3 Bg5 36.Ne1 Bxe3 37.Nf3 Bxd4 38.Qa6 Bxe5 39.Qxa7 Rfxf3+ 40.gxf3 Rc2 
0-1

[Event "2 IECC, Ohrid"]
[Site "Ohrid MKD"]
[Date "2001.06.05"]
[Round "5.60"]
[White "Vaisser, Anatoli"]
[Black "Halkias, Stelios"]
[Result "1-0"]
[WhiteElo "2540"]
[BlackElo "2494"]
[EventDate "2001.06.01"]
[PlyCount "125"]

1.d4 e6 2.c4 b6 3.a3 f5 4.Nc3 Nf6 5.Nf3 Bb7 6.d5 Na6 7.b4 exd5 8.cxd5 c5 
9.dxc6 dxc6 10.Qb3 Bd6 11.e3 Qe7 12.Nd4 Be5 13.Nxf5 Qd7 14.Nd4 O-O-O 15.
Be2 c5 16.Nf3 Bxc3+ 17.Qxc3 Ne4 18.Qc2 g5 19.Bb2 Rhe8 20.O-O Qf5 21.Nd4 
Qg6 22.f3 Kb8 23.bxc5 Nexc5 24.Qxg6 hxg6 25.Kf2 Nc7 26.Rad1 Nd5 27.e4 Na4 
28.Ba1 Ndc3 29.Bb5 Nxd1+ 30.Rxd1 Nc5 31.Bxe8 Rxe8 32.h3 Ba6 33.Nc6+ Kc7 
34.Nb4 Bb5 35.Bf6 Rf8 36.Ke3 Ne6 37.Be5+ Kb7 38.Rd6 Re8 39.Rd5 Ba4 40.Bf6 
a5 41.Nd3 Rc8 42.Rd6 Rc6 43.Rxc6 Bxc6 44.Ne5 Be8 45.Nc4 Ka6 46.Nd6 Bd7 47.
Nf7 Kb5 48.Nxg5 Nc5 49.Bd8 a4 50.Kd4 Kc6 51.Be7 Nb3+ 52.Kc3 Nc1 53.Nf7 Be8
54.Ne5+ Kb5 55.Bg5 Nb3 56.Nc4 Kc6 57.Bd8 Nc1 58.Bxb6 Ne2+ 59.Kb4 Nf4 60.g3
Nd3+ 61.Kc3 Nc1 62.Kd2 Nb3+ 63.Ke3 1-0

[Event "2 IECC, Ohrid"]
[Site "Ohrid MKD"]
[Date "2001.06.05"]
[Round "5.61"]
[White "Gershon, Alik"]
[Black "Duric, Stefan"]
[Result "1-0"]
[WhiteElo "2539"]
[BlackElo "2483"]
[EventDate "2001.06.01"]
[PlyCount "117"]

1.d4 e6 2.c4 b6 3.a3 Ba6 4.Qc2 c6 5.Bf4 f5 6.g3 Nf6 7.Bg2 Be7 8.d5 cxd5 9.
cxd5 Nxd5 10.Bxd5 exd5 11.Qxf5 Bf6 12.Qxd5 Nc6 13.Nc3 Bxc3+ 14.bxc3 Ne7 
15.Qb3 Ng6 16.Be3 Qf6 17.Nf3 Qc6 18.O-O Bxe2 19.Nd4 Bc4 20.Nxc6 Bxb3 21.
Nd4 Bc4 22.Rfe1 O-O 23.f4 Rac8 24.Bf2 Rf7 25.Rad1 Ba6 26.Nf3 h6 27.Bd4 d6 
28.Re6 Ne7 29.Nh4 Nd5 30.Rxd6 Nxc3 31.Bxc3 Rxc3 32.Rd8+ Kh7 33.f5 h5 34.
R1d7 Rc7 35.Rxc7 Rxc7 36.Ng6 Rc8 37.Rd7 Rc1+ 38.Kg2 Bc8 39.Rf7 Rc2+ 40.Kg1
Rc1+ 41.Kg2 Rc2+ 42.Kf3 Rxh2 43.Nh4 Kh6 44.Rc7 Ba6 45.Rxa7 Bb5 46.Re7 Rb2 
47.Re6+ Kh7 48.Kf4 Be2 49.Kg5 Bg4 50.Ng6 Rf2 51.Nh4 Rb2 52.Re8 Rb5 53.Rf8 
g6 54.Rf7+ Kg8 55.Kxg6 Rb3 56.Ra7 Kf8 57.Ra8+ Ke7 58.f6+ Kd7 59.f7 1-0

[Event "2 IECC, Ohrid"]
[Site "Ohrid MKD"]
[Date "2001.06.05"]
[Round "5.62"]
[White "Weiss, Christian"]
[Black "Reinderman, Dimitri"]
[Result "0-1"]
[WhiteElo "2368"]
[BlackElo "2539"]
[EventDate "2001.06.01"]
[PlyCount "80"]

1.d4 f5 2.Bg5 g6 3.Nc3 d5 4.e3 Bg7 5.h4 c6 6.Qf3 Be6 7.Nh3 h6 8.Bf4 Nd7 9.
h5 g5 10.Bxg5 hxg5 11.Nxg5 Nf8 12.Nxe6 Nxe6 13.Qxf5 Qd6 14.Be2 Kd7 15.e4 
Qf4 16.Qh3 Bxd4 17.O-O Bxc3 18.exd5 Be5 19.Qxe6+ Kc7 20.g3 Qf6 21.Qg4 cxd5
22.Qa4 Qc6 23.Qb3 Nf6 24.c4 dxc4 25.Qe3 Bd6 26.Rac1 b5 27.Bf3 Qb6 28.Qe2 
Rag8 29.Kg2 Rg5 30.Rh1 Qc5 31.Rh4 Nxh5 32.Qe4 Qb6 33.b4 Rf8 34.Rg4 Rxg4 
35.Qxg4 Nf6 36.Qg7 Nd7 37.a4 a6 38.a5 Qa7 39.Rd1 Rf6 40.Qg4 Ne5 0-1

[Event "2 IECC, Ohrid"]
[Site "Ohrid MKD"]
[Date "2001.06.05"]
[Round "5.63"]
[White "Agrest, Evgenij"]
[Black "Azarov, Sergei"]
[Result "1-0"]
[WhiteElo "2532"]
[BlackElo "2452"]
[EventDate "2001.06.01"]
[PlyCount "125"]

1.d4 d5 2.c4 e6 3.Nc3 Be7 4.cxd5 exd5 5.Bf4 c6 6.Qc2 Na6 7.e3 Nb4 8.Qb1 a5
9.a3 Na6 10.Bd3 Nf6 11.Nf3 Nc7 12.h3 Ne6 13.Bh2 O-O 14.O-O g6 15.Ra2 Ng7 
16.b4 axb4 17.axb4 Rxa2 18.Nxa2 Bf5 19.Bxf5 Nxf5 20.b5 Ne4 21.bxc6 bxc6 
22.Nb4 Bxb4 23.Qxb4 f6 24.Ra1 Qd7 25.Qb6 Qe6 26.Qb3 Qc8 27.Qb6 Rf7 28.Rb1 
Kg7 29.g4 Nh6 30.Qb8 Qa6 31.Kg2 g5 32.Rb2 Qa3 33.Rc2 Qa4 34.Rc1 Ng8 35.Qb2
Ra7 36.Bb8 Qa2 37.Rc2 Qxb2 38.Rxb2 Rd7 39.Ne1 Ne7 40.Nd3 Ng6 41.Kf1 Kf7 
42.Rb6 Nd2+ 43.Ke2 Nc4 44.Rxc6 Ne7 45.Ra6 Rb7 46.Bd6 Nc8 47.Bc5 N8b6 48.
Bxb6 Nxb6 49.Nc5 Rb8 50.Ra7+ Kg6 51.Kf3 h5 52.gxh5+ Kxh5 53.Rc7 Nc4 54.Rd7
Nd2+ 55.Kg2 Rb2 56.Rxd5 Nc4 57.Kg3 Nd2 58.Rd8 f5 59.Rf8 Kg6 60.Nd3 Ne4+ 
61.Kf3 Nd2+ 62.Kg2 Rb3 63.Ne5+ 1-0

[Event "2 IECC, Ohrid"]
[Site "Ohrid MKD"]
[Date "2001.06.05"]
[Round "5.65"]
[White "Blehm, Pawel"]
[Black "Brendel, Oliver"]
[Result "1-0"]
[WhiteElo "2530"]
[BlackElo "2389"]
[EventDate "2001.06.01"]
[PlyCount "45"]

1.e4 c5 2.Nf3 Nc6 3.d4 cxd4 4.Nxd4 d6 5.Nc3 e6 6.Be3 Nf6 7.Qd2 Be7 8.Be2 
O-O 9.O-O-O a6 10.f4 Qc7 11.g4 Nxd4 12.Bxd4 e5 13.Be3 Bxg4 14.Bxg4 Nxg4 
15.f5 Qa5 16.Rhg1 Nxe3 17.Qxe3 f6 18.Rg3 Rf7 19.Rdg1 Bf8 20.Qh6 b5 21.Nd5 
Raa7 22.Kb1 Qd8 23.Qh5 1-0

[Event "2 IECC, Ohrid"]
[Site "Ohrid MKD"]
[Date "2001.06.05"]
[Round "5.66"]
[White "Fedorchuk, Serhii"]
[Black "Kozul, Zdenko"]
[Result "1-0"]
[WhiteElo "2528"]
[BlackElo "2595"]
[EventDate "2001.06.01"]
[PlyCount "83"]

1.e4 c5 2.Nf3 d6 3.d4 cxd4 4.Nxd4 Nf6 5.Nc3 a6 6.Be3 Nc6 7.f3 e6 8.Qd2 Qc7
9.O-O-O Ne5 10.f4 Ned7 11.Be2 b5 12.a3 Bb7 13.Bf3 Nc5 14.e5 Bxf3 15.gxf3 
dxe5 16.fxe5 Nfd7 17.f4 Nb6 18.Qg2 Rc8 19.f5 Nc4 20.Bg5 Na4 21.Nxa4 bxa4 
22.fxe6 fxe6 23.Qg4 Qb6 24.Qxe6+ Qxe6 25.Nxe6 h6 26.Bh4 g5 27.Bg3 Kf7 28.
Nd4 Kg6 29.Rhf1 Kh5 30.Nf3 Rh7 31.e6 Rb7 32.Rd4 Na5 33.Rd7 Rxd7 34.exd7 
Nb3+ 35.Kd1 Rd8 36.cxb3 axb3 37.Kd2 Rxd7+ 38.Kc3 Kg6 39.Kxb3 h5 40.Kc4 Rd2
41.Be5 a5 42.Nh4+ 1-0

[Event "2 IECC, Ohrid"]
[Site "Ohrid MKD"]
[Date "2001.06.05"]
[Round "5.67"]
[White "Izoria, Zviad"]
[Black "Kempinski, Robert"]
[Result "1-0"]
[WhiteElo "2489"]
[BlackElo "2582"]
[EventDate "2001.06.01"]
[PlyCount "147"]

1.d4 Nf6 2.Nf3 g6 3.c4 Bg7 4.g3 d5 5.cxd5 Nxd5 6.Bg2 Nb6 7.Nc3 Nc6 8.e3 
O-O 9.O-O Re8 10.Re1 Bd7 11.h3 e5 12.d5 Ne7 13.e4 c6 14.a4 cxd5 15.exd5 
Nf5 16.Ne4 Nc4 17.g4 Nfd6 18.Nfd2 f5 19.Nxc4 Nxc4 20.b3 Na5 21.Bg5 Qb6 22.
Be3 Qd8 23.Nd6 Rf8 24.b4 f4 25.Bd2 e4 26.bxa5 e3 27.Ra3 Qh4 28.Ne4 h5 29.
Bb4 hxg4 30.hxg4 Rfe8 31.fxe3 Bxg4 32.Qd2 f3 33.Qf2 Qxf2+ 34.Nxf2 fxg2 35.
Bc3 Bd7 36.Bxg7 Kxg7 37.Rb1 Rab8 38.Kxg2 Bf5 39.Rb4 Rbd8 40.e4 Bc8 41.Rc3 
Rh8 42.Rbc4 g5 43.Rc7+ Kg6 44.Kg3 a6 45.Rb3 Kf6 46.Rf3+ Ke5 47.Rc4 Rdf8 
48.Nd3+ Kd6 49.Rxf8 Rxf8 50.Rb4 Rf1 51.Rb6+ Ke7 52.Rg6 Ra1 53.d6+ Kf8 54.
Ne5 Ra3+ 55.Kf2 Ra2+ 56.Ke3 Ra3+ 57.Kd2 Ra2+ 58.Kc3 Ra3+ 59.Kb4 Re3 60.d7 
Rxe4+ 61.Kb3 Bxd7 62.Nxd7+ Ke7 63.Rg7+ Kd6 64.Nb6 g4 65.Nc4+ Kc5 66.Rg5+ 
Kd4 67.Nd6 Rf4 68.Nxb7 Ke3 69.Nc5 Kf3 70.Nxa6 g3 71.Nb4 Rg4 72.Rxg4 Kxg4 
73.Nc2 Kf3 74.a6 1-0

[Event "2 IECC, Ohrid"]
[Site "Ohrid MKD"]
[Date "2001.06.05"]
[Round "5.70"]
[White "Moiseenko, Olexandr"]
[Black "Minasian, Ara"]
[Result "1/2-1/2"]
[WhiteElo "2561"]
[BlackElo "2478"]
[EventDate "2001.06.01"]
[PlyCount "90"]

1.d4 d5 2.c4 c6 3.Nc3 Nf6 4.e3 g6 5.Bd3 Bg7 6.Nf3 O-O 7.O-O Bg4 8.h3 Bxf3 
9.Qxf3 dxc4 10.Bxc4 Nbd7 11.Bb3 e5 12.Rd1 Qe7 13.dxe5 Nxe5 14.Qe2 Rad8 15.
e4 Rxd1+ 16.Bxd1 Rd8 17.Bg5 h6 18.Bh4 Nd3 19.Bc2 Nf4 20.Qe3 g5 21.Bg3 N6h5
22.Bh2 Qb4 23.Rd1 Rxd1+ 24.Bxd1 Qxb2 25.e5 Qa1 26.Qf3 Bxe5 27.Ne4 Ng7 28.
Bxf4 Bxf4 29.g3 Be5 30.Kg2 Ne6 31.Bb3 Qd4 32.Qf5 Kg7 33.Kh2 Nd8 34.Kg2 Bc7
35.h4 Qe5 36.Qxe5+ Bxe5 37.hxg5 hxg5 38.Nxg5 b5 39.f4 Bd4 40.Bxf7 Bf6 41.
Be8 a5 42.Bh5 Bxg5 43.fxg5 Ne6 44.Kf2 a4 45.Ke3 b4 1/2-1/2

[Event "2 IECC, Ohrid"]
[Site "Ohrid MKD"]
[Date "2001.06.05"]
[Round "5.72"]
[White "Turov, Maxim"]
[Black "Mrva, Martin"]
[Result "0-1"]
[WhiteElo "2553"]
[BlackElo "2479"]
[EventDate "2001.06.01"]
[PlyCount "120"]

1.e4 c5 2.Nf3 g6 3.d4 cxd4 4.Qxd4 Nf6 5.e5 Nc6 6.Qa4 Nd5 7.Qe4 Ndb4 8.c3 
d5 9.Qe2 Na6 10.Bf4 Bg7 11.Qe3 Qb6 12.Qxb6 axb6 13.Nbd2 Nc5 14.Bb5 Bd7 15.
b4 Ne6 16.Bxc6 Nxf4 17.Bxb7 Ra7 18.g3 Rxb7 19.gxf4 Bh6 20.a4 O-O 21.a5 Ra8
22.O-O Rba7 23.c4 bxa5 24.cxd5 axb4 25.Rxa7 Rxa7 26.Rb1 Rb7 27.Ng5 Bf5 28.
Rb2 Rb5 29.Nc4 f6 30.exf6 exf6 31.Nf7 Bxf4 32.Nfd6 Rxd5 33.Nxf5 Rxf5 34.
Rxb4 Rh5 35.Ne3 Bxh2+ 36.Kg2 Be5 37.Ng4 Kf7 38.Rb7+ Ke6 39.Rb6+ Kf7 40.f4 
Bd4 41.Rd6 Bc3 42.Rc6 Rh4 43.Kg3 Be1+ 44.Kf3 Rh3+ 45.Ke2 Bh4 46.Rc7+ Ke6 
47.Ne3 h5 48.Rc6+ Kd7 49.Ra6 Rh2+ 50.Kd3 Rh3 51.Ke2 Ke8 52.f5 Bg5 53.Ra8+ 
Kf7 54.Ra7+ Kf8 55.Nc4 gxf5 56.Nd6 Re3+ 57.Kf2 Re5 58.Rh7 h4 59.Kf3 Rd5 
60.Nc4 Rd4 0-1

[Event "2 IECC, Ohrid"]
[Site "Ohrid MKD"]
[Date "2001.06.05"]
[Round "5.75"]
[White "Tischbierek, Raj"]
[Black "Rogic, Davor"]
[Result "1-0"]
[WhiteElo "2527"]
[BlackElo "2457"]
[EventDate "2001.06.01"]
[PlyCount "49"]

1.g3 d5 2.Bg2 e5 3.d3 Nf6 4.Nf3 Bd6 5.Nc3 c6 6.O-O h6 7.e4 dxe4 8.dxe4 Bg4
9.h3 Bxf3 10.Qxf3 Nbd7 11.Nd1 Nc5 12.Ne3 Nfd7 13.h4 Ne6 14.Nf5 Bf8 15.h5 
Qf6 16.a4 Bc5 17.c3 a5 18.Qg4 Rd8 19.Be3 Ng5 20.Rad1 Bxe3 21.Nd6+ Ke7 22.
Nf5+ Kf8 23.fxe3 Nc5 24.Nh4 Rxd1 25.Qxd1 1-0

[Event "2 IECC, Ohrid"]
[Site "Ohrid MKD"]
[Date "2001.06.05"]
[Round "5.77"]
[White "Miladinovic, Igor"]
[Black "Hillarp Persson, Tiger"]
[Result "1-0"]
[WhiteElo "2519"]
[BlackElo "2443"]
[EventDate "2001.06.01"]
[PlyCount "95"]

1.d4 d5 2.Bg5 c5 3.c3 Qb6 4.Qd2 Nc6 5.e3 e5 6.dxe5 Nxe5 7.Na3 Be6 8.Bb5+ 
Nc6 9.c4 d4 10.Ne2 h6 11.Bh4 g5 12.Bg3 Bg7 13.exd4 cxd4 14.Bd6 O-O-O 15.c5
Qa5 16.Qxa5 Nxa5 17.Rd1 a6 18.Bd3 b5 19.b4 Nc6 20.Nc2 Nge7 21.a3 Bf5 22.
Bxe7 Nxe7 23.Bxf5+ Nxf5 24.Rd3 Rhe8 25.Kd2 Re4 26.Ng3 Nxg3 27.hxg3 Rde8 
28.Re1 Rxe1 29.Nxe1 g4 30.a4 bxa4 31.Ra3 Kb7 32.Rxa4 Kc6 33.Nd3 Kb5 34.
Ra5+ Kc4 35.c6 Bf8 36.Rxa6 Rc8 37.Ne5+ Kxb4 38.Kd3 Kb5 39.Ra7 Bd6 40.Nxf7 
Bc5 41.Ra2 Kxc6 42.Nxh6 Kd5 43.Nxg4 Rc6 44.Re2 Ra6 45.Re5+ Kd6 46.Rh5 Ra3+
47.Ke4 Ra2 48.Rd5+ 1-0

[Event "2 IECC, Ohrid"]
[Site "Ohrid MKD"]
[Date "2001.06.05"]
[Round "5.78"]
[White "Rabiega, Robert"]
[Black "Mitkov, Marjan"]
[Result "1-0"]
[WhiteElo "2517"]
[BlackElo "2424"]
[EventDate "2001.06.01"]
[PlyCount "77"]

1.e4 e5 2.Nf3 Nc6 3.Bc4 Nf6 4.d3 Be7 5.O-O O-O 6.Bb3 h6 7.c3 d5 8.Nbd2 Be6
9.Re1 dxe4 10.dxe4 Qc8 11.Nc4 Rd8 12.Qe2 Nd7 13.Bc2 Bf6 14.Ne3 Nb6 15.Nf5 
Rd7 16.h4 Qd8 17.g3 Bc4 18.Qe3 Ba6 19.Nh2 Ne7 20.Ng4 Nxf5 21.exf5 Nc4 22.
Qe4 Qe7 23.Bb3 Nd6 24.Qf3 Re8 25.Ne3 c6 26.Qh5 Bd3 27.Rd1 e4 28.Ng4 Kf8 
29.Re1 Nc4 30.Bxc4 Bxc4 31.Bf4 Rd3 32.Kh2 Red8 33.Nxf6 Qxf6 34.Rxe4 Bd5 
35.Be5 Bxe4 36.Bxf6 gxf6 37.Qxh6+ Kg8 38.Re1 Bxf5 39.Qxf6 1-0

[Event "2 IECC, Ohrid"]
[Site "Ohrid MKD"]
[Date "2001.06.05"]
[Round "5.81"]
[White "Acs, Peter"]
[Black "Gunnarsson, Jon Viktor"]
[Result "1/2-1/2"]
[WhiteElo "2509"]
[BlackElo "2366"]
[EventDate "2001.06.01"]
[PlyCount "89"]

1.e4 e6 2.d4 d5 3.Nc3 Nf6 4.Bg5 Bb4 5.e5 h6 6.Bd2 Bxc3 7.bxc3 Ne4 8.Qg4 g6
9.Bd3 Nxd2 10.Kxd2 c5 11.Nf3 Bd7 12.dxc5 Qe7 13.Nd4 Nc6 14.Qf4 Qxc5 15.
Rab1 Nxd4 16.cxd4 Qa5+ 17.Ke3 Bc6 18.Qf6 Rg8 19.h4 Qd8 20.Qf4 h5 21.g4 
hxg4 22.Qxg4 Kd7 23.Rbg1 Rh8 24.h5 gxh5 25.Rxh5 Rg8 26.Qd1 Qe7 27.Rh7 Kc7 
28.Rg4 Raf8 29.Qg1 Rxg4 30.Qxg4 Kb6 31.f4 Qa3 32.Rh1 Qxa2 33.f5 exf5 34.
Qxf5 a5 35.Qf6 Qa3 36.Rb1+ Ka7 37.Ke2 Qc3 38.e6 Re8 39.Qxf7 Qxd4 40.Rxb7+ 
Bxb7 41.Qxe8 Qg4+ 42.Kd2 Qg5+ 43.Kc3 Qe5+ 44.Kb3 Qa1 45.Qa4 1/2-1/2

[Event "2 IECC, Ohrid"]
[Site "Ohrid MKD"]
[Date "2001.06.05"]
[Round "5.84"]
[White "Torfinnsson, Bragi"]
[Black "Zelcic, Robert"]
[Result "0-1"]
[WhiteElo "2292"]
[BlackElo "2503"]
[EventDate "2001.06.01"]
[PlyCount "66"]

1.d4 Nf6 2.c4 e6 3.Nf3 d5 4.g3 dxc4 5.Bg2 Nc6 6.O-O Rb8 7.Qc2 b5 8.Bd2 Bb7
9.Rd1 Be7 10.a4 a6 11.axb5 axb5 12.Nc3 Nb4 13.Qb1 O-O 14.Bf4 Nbd5 15.Nxd5 
Bxd5 16.Ne1 Bxg2 17.Nxg2 Bd6 18.e4 Bxf4 19.gxf4 Ra8 20.f3 Rxa1 21.Qxa1 Qa8
22.Kf2 Rd8 23.Ke3 Qb7 24.Qa5 Ra8 25.Qb4 Qb6 26.Ne1 Nd7 27.Nc2 c5 28.Qc3 
cxd4+ 29.Qxd4 h6 30.Na3 Nc5 31.h4 h5 32.Rg1 e5 33.fxe5 Rd8 0-1

[Event "2 IECC, Ohrid"]
[Site "Ohrid MKD"]
[Date "2001.06.05"]
[Round "5.86"]
[White "Golod, Vitali"]
[Black "Likavsky, Tomas"]
[Result "1-0"]
[WhiteElo "2593"]
[BlackElo "2425"]
[EventDate "2001.06.01"]
[PlyCount "67"]

1.d4 d5 2.c4 e6 3.Nc3 Nf6 4.Nf3 Nbd7 5.cxd5 exd5 6.Bg5 Be7 7.e3 O-O 8.Qc2 
Re8 9.Bd3 Nf8 10.h3 c6 11.O-O Ne4 12.Bf4 Ng5 13.Bxg5 Bxg5 14.b4 Qf6 15.e4 
Bxh3 16.e5 Qh6 17.gxh3 Qxh3 18.Nxg5 Qg4+ 19.Kh2 Qxg5 20.Ne2 Re6 21.Ng3 
Qh4+ 22.Kg2 Qxd4 23.f4 g6 24.Rab1 Rae8 25.Rf3 R6e7 26.Qf2 Ne6 27.Qxd4 Nxd4
28.Rf2 b6 29.Rc1 Rc7 30.Ne2 Nxe2 31.Rxe2 Kf8 32.Rec2 Re6 33.Bb5 a6 34.Bxc6
1-0

[Event "2 IECC, Ohrid"]
[Site "Ohrid MKD"]
[Date "2001.06.05"]
[Round "5.89"]
[White "Colovic, Aleksandar"]
[Black "Nedev, Trajce"]
[Result "0-1"]
[WhiteElo "2413"]
[BlackElo "2514"]
[EventDate "2001.06.01"]
[PlyCount "94"]

1.c4 g6 2.g3 Bg7 3.Bg2 e5 4.Nc3 Ne7 5.d3 O-O 6.e4 Nbc6 7.Nge2 d6 8.O-O Be6
9.Nd5 a6 10.Be3 Nd4 11.Nxd4 exd4 12.Bg5 f6 13.Bd2 c6 14.Nf4 Bd7 15.Qb3 Rf7
16.Qxb7 Rb8 17.Qxa6 Rxb2 18.Bc1 Rb8 19.Qa3 c5 20.Bd2 Ra8 21.Qb2 Nc6 22.a4 
Rb8 23.Qc2 Nb4 24.Bxb4 cxb4 25.Rfb1 Qa5 26.Nd5 Bc6 27.Qb3 Bxd5 28.exd5 Bh6
29.Re1 Bd2 30.Re6 Qc7 31.Ra2 Bc3 32.Bf3 f5 33.Kg2 Kg7 34.Bd1 h5 35.a5 f4 
36.a6 fxg3 37.hxg3 h4 38.f4 hxg3 39.Kxg3 Rh8 40.Rh2 Rxh2 41.Kxh2 Rxf4 42.
Kg3 Rf1 43.Kg2 Qf7 44.Qc2 b3 45.Qe2 b2 46.Bc2 Re1 47.Qf3 Rg1+ 0-1

[Event "2 IECC, Ohrid"]
[Site "Ohrid MKD"]
[Date "2001.06.05"]
[Round "5.90"]
[White "Konopka, Michal"]
[Black "Mchedlishvili, Mikheil"]
[Result "1/2-1/2"]
[WhiteElo "2507"]
[BlackElo "2416"]
[EventDate "2001.06.01"]
[PlyCount "55"]

1.Nf3 Nf6 2.c4 e6 3.g3 d5 4.d4 Bb4+ 5.Bd2 Be7 6.Bg2 c6 7.Qc2 O-O 8.O-O b6 
9.b3 Nbd7 10.Rd1 Ba6 11.Bf4 Rc8 12.Nbd2 c5 13.e4 cxd4 14.exd5 Nxd5 15.Ne4 
b5 16.Rxd4 bxc4 17.bxc4 Nxf4 18.gxf4 Rc7 19.Rad1 Qc8 20.Qd3 Nf6 21.Ne5 Bb7
22.Nd6 Bxd6 23.Rxd6 Bxg2 24.Kxg2 g6 25.Qd4 Qb7+ 26.f3 Qb4 27.Nc6 Qa4 28.
Qxf6 1/2-1/2

[Event "2 IECC, Ohrid"]
[Site "Ohrid MKD"]
[Date "2001.06.05"]
[Round "5.93"]
[White "Gausel, Einar"]
[Black "Haznedaroglu, Kivanc"]
[Result "1-0"]
[WhiteElo "2480"]
[BlackElo "2358"]
[EventDate "2001.06.01"]
[PlyCount "117"]

1.c4 Nf6 2.Nc3 c6 3.e4 e5 4.Nf3 d6 5.d4 Nbd7 6.Be2 Be7 7.O-O O-O 8.Be3 Ng4
9.Bd2 Qc7 10.Rc1 Re8 11.d5 c5 12.Ne1 Ngf6 13.g3 Bf8 14.Ng2 g6 15.g4 h6 16.
Kh1 Bg7 17.f3 Nf8 18.h4 Qe7 19.Qe1 a6 20.Qg3 N6h7 21.Bd3 Nd7 22.Rf2 Rf8 
23.Rg1 Ndf6 24.Ne3 Ne8 25.Rfg2 Rb8 26.a4 b6 27.g5 h5 28.Nf5 Qd7 29.f4 Rb7 
30.Nxg7 Nxg7 31.fxe5 dxe5 32.Rf2 Qh3+ 33.Qxh3 Bxh3 34.Be3 a5 35.Bf1 Bg4 
36.Kh2 Ne8 37.Bh3 Nd6 38.Bxg4 Nxc4 39.Bxh5 Nxe3 40.Be2 f5 41.gxf6 Rxf6 42.
Rxf6 Nxf6 43.Rxg6+ Kf7 44.Rg5 Rb8 45.Kh3 Re8 46.h5 Rg8 47.Rxe5 Nd7 48.Re6 
Ng2 49.Bg4 Nf4+ 50.Kg3 Nxh5+ 51.Kf3 Ng7 52.Bf5 Nxf5 53.exf5 Rg5 54.Kf4 Rg1
55.Ne4 Rf1+ 56.Ke3 Rd1 57.d6 Nf8 58.Re7+ Kg8 59.Nf6+ 1-0

[Event "2 IECC, Ohrid"]
[Site "Ohrid MKD"]
[Date "2001.06.05"]
[Round "5.95"]
[White "Grant, Jonathan"]
[Black "Zuger, Beat"]
[Result "0-1"]
[WhiteElo "2218"]
[BlackElo "2448"]
[EventDate "2001.06.01"]
[PlyCount "48"]

1.c4 e5 2.Nc3 Bb4 3.Nd5 Be7 4.d4 d6 5.e4 Nf6 6.Nxe7 Qxe7 7.f3 exd4 8.Qxd4 
Nc6 9.Qd1 Nh5 10.g3 f5 11.Bg2 fxe4 12.fxe4 Nf6 13.Bg5 O-O 14.Qe2 h6 15.
Bxf6 Qxf6 16.O-O-O Ne5 17.Rf1 Qg5+ 18.Kb1 Bg4 19.Qc2 Rxf1+ 20.Bxf1 Rf8 21.
Be2 Rf2 22.Qd1 Qf6 23.h4 Kh8 24.a3 Nxc4 0-1

[Event "2 IECC, Ohrid"]
[Site "Ohrid MKD"]
[Date "2001.06.05"]
[Round "5.96"]
[White "Efimenko, Zahar"]
[Black "Organdziev, Oliver"]
[Result "1-0"]
[WhiteElo "2439"]
[BlackElo "2322"]
[EventDate "2001.06.01"]
[PlyCount "75"]

1.e4 e6 2.d4 d5 3.Nd2 Nf6 4.e5 Nfd7 5.f4 c5 6.c3 Nc6 7.Ndf3 Qb6 8.g3 cxd4 
9.cxd4 Bb4+ 10.Kf2 O-O 11.Kg2 f6 12.Bd3 Be7 13.Ne2 fxe5 14.fxe5 Qd8 15.Nf4
Nb6 16.Qc2 Rf5 17.Nxe6 Bxe6 18.Bxf5 Qd7 19.Bxe6+ Qxe6 20.Bf4 Rf8 21.Rhf1 
Nc4 22.Rac1 g5 23.Nxg5 Bxg5 24.Bxg5 Qg4 25.Rxf8+ Kxf8 26.Qf2+ Ke8 27.e6 
Nd6 28.Qf6 Qxd4 29.Qxd4 Nxd4 30.Rd1 Nxe6 31.Rxd5 Nf7 32.Be3 b6 33.a4 Nf8 
34.Rh5 Nd6 35.b3 Kf7 36.a5 Nc8 37.axb6 axb6 38.Rh6 1-0

[Event "2 IECC, Ohrid"]
[Site "Ohrid MKD"]
[Date "2001.06.05"]
[Round "5.97"]
[White "Morrison, Chris"]
[Black "Bezgodov, Alexei"]
[Result "1/2-1/2"]
[WhiteElo "2176"]
[BlackElo "2543"]
[EventDate "2001.06.01"]
[PlyCount "33"]

1.e4 d5 2.exd5 Qxd5 3.Nc3 Qa5 4.d4 Nf6 5.Nf3 Bg4 6.h3 Bh5 7.g4 Bg6 8.Ne5 
e6 9.h4 Bb4 10.Bd2 Qb6 11.h5 Be4 12.Nxe4 Nxe4 13.c3 Bd6 14.Nc4 Qc6 15.Na5 
Qb6 16.Nc4 Qc6 17.Na5 1/2-1/2

[Event "2 IECC, Ohrid"]
[Site "Ohrid MKD"]
[Date "2001.06.05"]
[Round "5.99"]
[White "Khruschiov, Alexei"]
[Black "Trkaljanov, Vladimir"]
[Result "1/2-1/2"]
[WhiteElo "2400"]
[BlackElo "2249"]
[EventDate "2001.06.01"]
[PlyCount "64"]

1.e4 e5 2.Nf3 Nc6 3.Bb5 a6 4.Bxc6 dxc6 5.O-O Bg4 6.h3 h5 7.d3 Qf6 8.Nbd2 
Ne7 9.Re1 Ng6 10.d4 Bd6 11.hxg4 hxg4 12.Nh2 Rxh2 13.Qxg4 Qh4 14.Qxh4 Rxh4 
15.Nf3 Rh5 16.Be3 O-O-O 17.g3 exd4 18.Bxd4 f6 19.Kg2 Re8 20.Bc3 c5 21.Nd2 
Be5 22.Bxe5 Nxe5 23.Rh1 Rxh1 24.Rxh1 Nc6 25.Rh7 Re7 26.a3 b5 27.f4 c4 28.
Kf2 Nd4 29.c3 Ne6 30.b3 cxb3 31.Nxb3 c5 32.Rh5 c4 1/2-1/2

[Event "2 IECC, Ohrid"]
[Site "Ohrid MKD"]
[Date "2001.06.05"]
[Round "5.100"]
[White "Vasovski, Nikola"]
[Black "Stamenkov, Vanco"]
[Result "1/2-1/2"]
[WhiteElo "2359"]
[BlackElo "2380"]
[EventDate "2001.06.01"]
[PlyCount "32"]

1.d4 Nf6 2.Nf3 e6 3.g3 c5 4.Bg2 Nc6 5.O-O d5 6.c4 dxc4 7.Ne5 Nxe5 8.dxe5 
Qxd1 9.Rxd1 Nd5 10.Na3 Bd7 11.Nxc4 Bb5 12.e4 Nc3 13.Nd6+ Bxd6 14.Rxd6 Ne2+
15.Kh1 Nd4 16.Bd2 Ba6 1/2-1/2